Report of the national committee on women's education, May 1958 to January 1959 (Record no. 500693)

000 -LEADER
fixed length control field 00465cam a22001337a 4500
008 - FIXED-LENGTH DATA ELEMENTS--GENERAL INFORMATION
fixed length control field 180718b1959 xxu||||| |||| 00| 0 eng d
082 ## - DEWEY DECIMAL CLASSIFICATION NUMBER
Classification number Px54 In2w
245 ## - TITLE STATEMENT
Title Report of the national committee on women's education, May 1958 to January 1959
Statement of responsibility, etc. by Ministry of Education, India
260 ## - PUBLICATION, DISTRIBUTION, ETC.
Place of publication, distribution, etc. Delhi
Name of publisher, distributor, etc. Manager of Publications
Date of publication, distribution, etc. 1959
300 ## - PHYSICAL DESCRIPTION
Extent ix, 335p
440 ## - SERIES STATEMENT/ADDED ENTRY--TITLE
Title Publication No. 408
650 ## - SUBJECT ADDED ENTRY--TOPICAL TERM
Topical term or geographic name entry element Women --Education --India
700 ## - ADDED ENTRY--PERSONAL NAME
Personal name India. Ministry of Education
Holdings
Withdrawn status Lost status Damaged status Not for loan Permanent Location Current Location Date acquired Full call number Barcode Date last seen Price effective from Koha item type
        Indian Institute of Public Administration Indian Institute of Public Administration 2018-08-04 Px54 In2w GR18061 2018-08-04 2018-08-04 GR

Powered by Koha